• 首页
  • 本馆介绍
  • 公告通知
  • 最新文献
  • 馆藏检索
  • 电子资源
  • 读者导购
  • 参考咨询
  • 我的图书馆
  • 登录
  • 详细信息显示
  • 放入我的书架
  • 预约/预借图书
  • 作者相关作品
  • 分类相关作品
  • 丛书相关作品
  • 出版社相关作品

书目信息

  • 表格格式
  • 工作单格式
  • 卡片格式
题名:
毛泽东同志论教育工作
    
 
作者: 毛泽东
分册:  
出版信息: 北京   人民教育出版社  33909
页数: 300页
开本: 20cm
丛书名:
单 册:
中图分类: G411
科图分类:
主题词: 思想政治教育--学校教育 , 德育--学校教育
电子资源:
ISBN: 7-107-10988-X
000 00565nam0 2200193 450
001 0728815141
005 20070819080015.14
010    @a7-107-10988-X@d¥5.25
100    @a20070819d km y0chiy0120 ea
101 0  @achi
200 1  @a毛泽东同志论教育工作@Amao ze dong tong zhi lun jiao yu gong zuo@f毛泽东@Fmao ze dong
210    @a北京@c人民教育出版社@d33909
215    @a300页@d20cm
606 0  @a思想政治教育--学校教育
606 0  @a德育--学校教育
690    @aG411@v3
701  0 @a毛泽东@Amao ze dong
801  0 @aCN@bPFT@c20070819
905    @a213230@dG411@eZW31@f1
    
    毛泽东同志论教育工作/毛泽东.-北京:人民教育出版社,33909
    300页;20cm
    
    
    ISBN 7-107-10988-X:¥5.25
    
●
相关链接 在E读中查询图书 在五车中查询图书 在当当中查询图书 在豆瓣中查询图书


正题名:毛泽东同志论教育工作     索取号:G411/ZW31         预约/预借

序号 登录号 条形码 馆藏地/架位号 状态 备注
1 7613854   276138546   密集书库-文学院/ [索取号:G411/ZW31] 在馆    
唐山师范学院图书馆 欢迎您!
大连网信软件有限公司© 版权所有